| 000 | 00710cam a2200253 4500 | ||
|---|---|---|---|
| 001 | 3613318 | ||
| 003 | OSt | ||
| 005 | 20180116183023.0 | ||
| 008 | 740415s1973 inu 000 1 eng | ||
| 010 | _a 73003780 | ||
| 020 | _a0672518538 | ||
| 040 |
_aDLC _cDLC _dDLC |
||
| 050 | 0 | 0 |
_aPZ4.H182 _bRo _aPS3558.A378 |
| 082 | 0 | 0 | _a813.54 HAL 1979 |
| 100 | 1 | _aHallahan, William H. | |
| 245 | 1 | 4 |
_aThe Ross forgery _c[by] William H. Hallahan. |
| 260 |
_aIndianapolis, _bBobbs-Merrill _c[c1973] |
||
| 300 |
_a204 p. _c22 cm. |
||
| 350 | _a$5.95 | ||
| 490 | 0 | _aA Black bat mystery | |
| 655 | 7 |
_aDetective and mystery stories. _2gsafd |
|
| 906 |
_a7 _bcbc _corignew _d2 _eocip _f19 _gy-gencatlg |
||
| 942 |
_2ddc _cBK |
||
| 999 |
_c350667 _d350667 |
||